000 00823nam a2200301 i 4500
001 bg
100 1 _aHeld, Gilbert.
245 0 0 _aListy dostępu ruterów Cisco :
_bprzewodnik specjalistyczny /
_cGilbert Held, Kent Hundley.
246 _iTyt. oryg.:
_aCisco access lists field guide
260 _aWarszawa :
_bPLJ,
_c2001.
300 _a259 s. :
_bil. ;
_c24 cm.
500 _aTyt. oryg.: "Cisco access lists field guide".
610 2 9 _aCisco
650 9 _aIOS
650 9 _aRuter
650 9 _aSieć komputerowa
_xurządzenia
655 _aPodręczniki
700 1 _aHundley, Kent.
020 _a8371014481
040 _cBPK
041 1 _apol
_heng
080 _a004.451
080 _a004.77
080 _a(07)
920 _a83-7101-448-1
942 _cKS
008 s pl f |000 0 pol
999 _c41011
_d41011
856 _uhttp://koha.tu.koszalin.pl/cgi-bin/koha/opac-detail.pl?biblionumber=41011
_yKatalog online BPK